00801nam a22001817a 4500003000900000008004100009040007100050082001800121100002900139245003200168260005200200300002800252440003300280505025500313650001300568650001600581650002200597AR-CdUCM190320b ||||| |||| 00| 0 spa d aMUNICIPALIDAD PROVINCIAL DEL CUSCOcBIBLIOTECA MUNICIPAL DEL CUSCO a574.52 /bS63 aSoberón Mainero, Jorge aEcología de Poblaciones / aMéxico :bFondo de Cultura Economica ,c1998. a149 páginas ;c21 cm. aLa ciencia es para todosn82 aContenido : La Familia Pequeña no evoluciona mejor -- Mejor solos que mal acompañados -- Quitate tu para que me ponga yo -- Corre, que te alcanzo -- Su tú me rascas la espalda yo te la rasco a ti -- Dos son compañia -- Bueno y ¿Ahora que?... aEcologia aEcosistemas aHabitad Ecologico